Goldilocks and the three bears / (Registro nro. 13117)

Detalles MARC
000 -LEADER
fixed length control field 00633nam a22002177a 4500
003 - CONTROL NUMBER IDENTIFIER
control field DO-SdBNP
005 - DATE AND TIME OF LATEST TRANSACTION
control field 20171127113526.0
008 - FIXED-LENGTH DATA ELEMENTS--GENERAL INFORMATION
fixed length control field 161031b 1987 xxu a 00| 0 spa d
020 ## - INTERNATIONAL STANDARD BOOK NUMBER
International Standard Book Number 0910079056
040 ## - CATALOGING SOURCE
Original cataloging agency BPMSU
Language of cataloging spa
Transcribing agency BPMSU
082 ## - DEWEY DECIMAL CLASSIFICATION NUMBER
Classification number xxxx
Item number xxxx
100 ## - MAIN ENTRY--PERSONAL NAME
Personal name Jensen, Karen
245 10 - TITLE STATEMENT
Title Goldilocks and the three bears /
Statement of responsibility, etc. Karen Jensen ; ilustración Lucy Rigg
260 ## - PUBLICATION, DISTRIBUTION, ETC. (IMPRINT)
Place of publication, distribution, etc. Washington :
Name of publisher, distributor, etc. Lucy & company,
Date of publication, distribution, etc. 1987.
300 ## - PHYSICAL DESCRIPTION
Extent [16] p. :
Other physical details il.
Dimensions 25 cm.
700 1# - ADDED ENTRY--PERSONAL NAME
Personal name Rigg, Lucy
Relator term il.
910 ## - USER-OPTION DATA (OCLC)
User-option data 000144
942 ## - ADDED ENTRY ELEMENTS (KOHA)
Source of classification or shelving scheme Dewey Decimal Classification
Koha item type Libros
945 ## - LOCAL PROCESSING INFORMATION (OCLC)
a Inventariado extranjero / 2017 YL
956 ## - LOCAL ELECTRONIC LOCATION AND ACCESS (OCLC)
Host name YLOCKWARD
Access number 10
Compression information 20171127
Path 144
Existencias
Withdrawn status Lost status Source of classification or shelving scheme Damaged status Not for loan Collection code Home library Current library Date acquired Source of acquisition Total Checkouts Full call number Barcode Date last seen Price effective from Koha item type
    Dewey Decimal Classification     Colección General Biblioteca Pública Metropolitana Salomé Ureña Biblioteca Pública Metropolitana Salomé Ureña 11/27/2017 Sin sellar   xxxx xxxx BPMSU17110448 11/27/2017 11/27/2017 Libros